| 000 | 00599nam a22001697a 4500 | ||
|---|---|---|---|
| 999 |
_c14701 _d14701 |
||
| 003 | AR-CdUCM | ||
| 008 | 190424b ||||| |||| 00| 0 spa d | ||
| 040 |
_aMUNICIPALIDAD PROVINCIAL DEL CUSCO _cBIBLIOTECA MUNICIPAL DEL CUSCO |
||
| 082 |
_aC / 050 / _bP87 |
||
| 245 | _aPromesa / | ||
| 260 |
_aCusco : _bPromesa, _c1983. |
||
| 300 |
_a14 páginas ; _bimágenes, _c22 cm. |
||
| 440 |
_aPromesa _n02 _933568 |
||
| 505 | _aSituación de la saludad de los escolares de la zona sur del cusco -- Salud en Nicaragua -- sequía en el campo afecta la ciudad... | ||
| 942 |
_2ddc _cPP |
||
| 945 |
_awfj _d2019-04-24 |
||